Score 0/20 Timer 10:00
0 Plays Today
Planéta % Correct
Earth Two
97.8%
Beta VI
30.4%
Cardassia Prime
22.3%
Aldea
8.2%
Deneb IV
7.1%
Aia
6.5%
Hima
6.5%
Iconia
6%
Velara III
5.4%
Benev Selec
5.4%
Planéta % Correct
Dorvan V
5.4%
Altamid
5.4%
Gravesworld
5.4%
Scalos
5.4%
Sobras
5.4%
Angel I
5.4%
Mariposa
5.4%
Tanuga IV
4.9%
Arret
4.9%
Deinonychus VII
4.9%
Remove Ads.
Support Sporcle.
Get the best of Sporcle when you Go Orange. This ad-free experience offers more features, more stats, and more fun while also helping to support Sporcle. Thank you for becoming a member.

You're not logged in!

Compare scores with friends on all Sporcle quizzes.
OR
Log In

Show Comments

Extras

Created Oct 27, 2020ReportNominate
Tags:Star Trek Quiz

Top Quizzes Today


Score Distribution

Your Account Isn't Verified!

In order to create a playlist on Sporcle, you need to verify the email address you used during registration. Go to your Sporcle Settings to finish the process.

Report this User

Report this user for behavior that violates our Community Guidelines.

Details: